| Tag |
First Indicator |
Second Indicator |
Subfields |
| LEADER |
00000cam a2200000Ia 4500 |
| 001 |
in00002002201 |
| 005 |
20220105141737.0 |
| 006 |
m d |
| 007 |
cr cnu---unuuu |
| 008 |
040504s2004 njua sb 001 0 eng d |
| 020 |
|
|
|a 1410610365 (electronic bk.)
|
| 035 |
|
|
|a (OCoLC)ocm55074852
|
| 040 |
|
|
|a N$T
|c N$T
|d OCLCQ
|d UtOrBLW
|
| 043 |
|
|
|a n-us---
|
| 049 |
|
|
|a IKMN
|
| 050 |
1 |
4 |
|a LC5751
|b .S78 2004eb
|
| 082 |
0 |
4 |
|a 371.2/32
|2 22
|
| 245 |
0 |
0 |
|a Summer learning :
|b research, policies, and programs /
|c edited by Geoffrey D. Borman, Matthew Boulay.
|
| 264 |
|
1 |
|a Mahwah, N.J. :
|b L. Erlbaum Associates,
|c 2004.
|
| 300 |
|
|
|a xii, 295 pages :
|b illustrations ;
|c 24 cm.
|
| 336 |
|
|
|a text
|b txt
|2 rdacontent
|
| 337 |
|
|
|a computer
|b c
|2 rdamedia
|
| 338 |
|
|
|a online resource
|b cr
|2 rdacarrier
|
| 504 |
|
|
|a Includes bibliographical references and indexes.
|
| 533 |
|
|
|a Electronic reproduction.
|b Boulder, Colo. :
|c NetLibrary,
|d 2004.
|n Available via World Wide Web.
|n Access may be limited to NetLibrary affiliated libraries.
|
| 500 |
|
|
|a Electronic resource.
|
| 650 |
|
0 |
|a Summer schools
|z United States.
|0 http://id.loc.gov/authorities/subjects/sh2010115081
|
| 655 |
|
7 |
|a Electronic books.
|2 local
|
| 700 |
1 |
|
|a Borman, Geoffrey D.
|0 http://id.loc.gov/authorities/names/n96082834
|
| 700 |
1 |
|
|a Boulay, Matthew.
|0 http://id.loc.gov/authorities/names/n2003116140
|
| 710 |
2 |
|
|a NetLibrary, Inc.
|0 http://id.loc.gov/authorities/names/no99080690
|
| 776 |
1 |
|
|c Original
|z 0805842233
|w (DLC) 2003064153
|w (OCoLC)53331714
|
| 856 |
4 |
1 |
|u https://proxy.library.tamu.edu/login?url=http://www.netLibrary.com/urlapi.asp?action=summary&v=1&bookid=108357
|z Connect to the full text of this electronic book
|t 0
|
| 994 |
|
|
|a 92
|b IKM
|
| 999 |
|
|
|a MARS
|
| 999 |
f |
f |
|s aa144623-62df-3067-a6ca-5bb8af9a534c
|i ab8a4bad-5300-328b-a9b4-c327fde34df9
|t 0
|
| 952 |
f |
f |
|a Texas A&M University
|b College Station
|c Electronic Resources
|d Available Online
|t 0
|e LC5751 .S78 2004eb
|h Library of Congress classification
|
| 998 |
f |
f |
|a LC5751 .S78 2004eb
|t 0
|l Available Online
|